000 01129nab a22002537a 4500
999 _c6537
_d6537
003 OSt
005 20260223115702.0
008 190506c xxu||||| |||| 00| 0 spa d
040 _cPJ
100 _97133
_aVelasco, Luis María
245 1 3 _aLos derechos de autor en los trabajos realizados con ayuda de la inteligencia artificial /
_cLuis María Velasco.
260 _aBuenos Aires :
_bAbeledoPerrot,
_c2024.
300 _ap. 3-8
500 _aCita: TR LALEY AR/DOC/311/2024.
505 _aSumario: I. Inteligencia sin límites. El ChatGPT.— II. Regulación.— III. Los Derechos de autor de una "obra de arte creada por la IA en EE. UU. y Argentina.— IV. Fuentes.
505 _t¿Te interesa el texto completo? Comunicate al correo: koha@justierradelfuego.gov.ar
650 0 _91316
_aDERECHO LABORAL
650 0 _93459
_aDERECHOS DE AUTOR
650 0 _96327
_aDERECHO DE PROPIEDAD
650 0 _95817
_aINTELIGENCIA ARTIFICIAL
650 0 _91323
_aCONTRATO DE TRABAJO
773 0 _02751
_93202
_dBuenos Aires : AbeledoPerrot, 2013-
_tRevista de derecho laboral y seguridad social. Nº 7 - Abril 2024
942 _2udc
_cANA